Catálogo
 En Linea

La dominación haitiana 1822-1844 / (Registro nro. 52917)

Detalles MARC
000 -CABECERA
campo de control de longitud fija 01889nam a22003617a 4500
003 - IDENTIFICADOR DEL NÚMERO DE CONTROL
campo de control DO-SdBNP
005 - FECHA Y HORA DE LA ÚLTIMA TRANSACCIÓN
campo de control 20260305073952.0
007 - CAMPO FIJO DE DESCRIPCIÓN FÍSICA--INFORMACIÓN GENERAL
campo de control de longitud fija ta
008 - DATOS DE LONGITUD FIJA--INFORMACIÓN GENERAL
campo de control de longitud fija 221114b2022 dr ||||| |||| 00| 0 spa d
020 ## - NÚMERO INTERNACIONAL ESTÁNDAR DEL LIBRO
Número Internacional Estándar del Libro 9789945930757
040 ## - FUENTE DE LA CATALOGACIÓN
Centro catalogador/agencia de origen DO-SdBNP
Lengua de catalogación spa
Centro/agencia transcriptor BNPHU
Normas de descripción rda
041 ## - CÓDIGO DE LENGUA
Código de lengua del texto/banda sonora o título independiente spa
082 #4 - NÚMERO DE LA CLASIFICACIÓN DECIMAL DEWEY
Número de clasificación 972.9304
Número de documento/Ítem M938d 2022
Número de edición 22
100 1# - ENTRADA PRINCIPAL--NOMBRE DE PERSONA
Nombre de persona Moya Pons, Frank,
Fechas asociadas al nombre 1944-
Término indicativo de función/relación autor
Código de función/relación aut.
9 (RLIN) 2095
245 13 - MENCIÓN DE TÍTULO
Título La dominación haitiana 1822-1844 /
Mención de responsabilidad, etc. Frank Moya Pons.
250 ## - MENCIÓN DE EDICIÓN
Mención de edición Quinta edición
264 #4 - PRODUCCIÓN, PUBLICACIÓN, DISTRIBUCIÓN, FABRICACIÓN Y COPYRIGHT
Producción, publicación, distribución, fabricación y copyright Santo Domingo, República Dominicana :
Nombre del de productor, editor, distribuidor, fabricante Academia Dominicana de la Historia,
Fecha de producción, publicación, distribución, fabricación o copyright ©2022.
300 ## - DESCRIPCIÓN FÍSICA
Extensión 214 páginas ;
Dimensiones 23 cm.
336 ## - TIPO DE CONTENIDO
Término de tipo de contenido texto
Código de tipo de contenido txt
Fuente rdacontent
337 ## - TIPO DE MEDIO
Nombre/término del tipo de medio sin mediación
Código del tipo de medio n
Fuente rdamedia
338 ## - TIPO DE SOPORTE
Nombre/término del tipo de soporte volumen
Código del tipo de soporte nc
Fuente rdacarrier
490 ## - MENCIÓN DE SERIE
Mención de serie Colección Academia Dominicana de la Historia
Designación de volumen o secuencia 164
500 ## - NOTA GENERAL
Nota general Incluye índice de nombres, lugares y materias.
500 ## - NOTA GENERAL
Nota general Incluye bibliografía y notas al pie de las páginas.
500 ## - NOTA GENERAL
Nota general Edición conmemorativa del 50 aniversario de su publicación y el 90 aniversario de la fundación de la Academia Dominicana de la Historia
504 ## - NOTA DE BIBLIOGRAFÍA, ETC.
Nota de bibliografía, etc. Bibliografía : p. 185-188
505 0# - NOTA DE CONTENIDO CON FORMATO
Nota de contenido con formato Prefacio --
Título La invasión de Boyer (1820-1822) --
-- La cuestión de la tierra (1822-1825) --
-- Deuda pública, crisis económica y oposición política (1826-1834) --
-- La caída de Boyer: conspiración y reforma (1834-1843) --
-- El fin de la dominación haitiana (1843-1844) --
Información miscelánea Apéndices: Proclama al Pueblo de Juan Pedro Boyer, Presidente de Haití, 9 de febrero de 1822 --
-- Bibliografía --
-- Índice de nombres, lugares y materias.
590 ## - NOTA LOCAL (RLIN)
Nota local Inventariado, 2022/BT
651 #4 - PUNTO DE ACCESO ADICIONAL DE MATERIA--NOMBRE GEOGRÁFICO
Nombre geográfico República Dominicana
Subdivisión general Historia
Subdivisión cronológica Ocupación haitiana 1822-1844
9 (RLIN) 7666
651 #4 - PUNTO DE ACCESO ADICIONAL DE MATERIA--NOMBRE GEOGRÁFICO
Nombre geográfico República Dominicana
Subdivisión general Política y gobierno
Subdivisión cronológica Ocupaciión haitiana1822-1844
9 (RLIN) 54469
910 ## - DATOS DE OPCIÓN DEL USUARIO (OCLC)
Datos de opción del usuario Btavárez/Validado. Control de calidad MFF
942 ## - ELEMENTOS DE PUNTO DE ACCESO ADICIONAL (KOHA)
Fuente del sistema de clasificación o colocación Dewey Decimal Classification
Tipo de ítem Koha Libro
Existencias
Estado de retiro Estado de pérdida Fuente del sistema de clasificación o colocación Restricciones de uso No para préstamo Código de colección Localización permanente Ubicación/localización actual Ubicación en estantería Fecha de adquisición Fuente de adquisición Signatura topográfica completa Código de barras Fecha visto por última vez Precio válido a partir de Tipo de ítem Koha Número de copia Total de préstamos Nota pública
    Dewey Decimal Classification Excluido de préstamo   Patrimonio Dominicano Biblioteca Nacional Pedro Henríquez Ureña Biblioteca Nacional Pedro Henríquez Ureña Depósito 14.11.2022 Depósito Legal BNPHU PD 972.9304 M938d 2022 2022-5318 14.11.2022 14.11.2022 Libro      
    Dewey Decimal Classification Excluido de préstamo   Patrimonio Dominicano Biblioteca Nacional Pedro Henríquez Ureña Biblioteca Nacional Pedro Henríquez Ureña Depósito 14.11.2022 Depósito Legal BNPHU PD 972.9304 M938d 2022 2022-5319 14.11.2022 14.11.2022 Libro e.2    
    Dewey Decimal Classification Préstamo en sala   Dominicana de Servicio Biblioteca Nacional Pedro Henríquez Ureña Biblioteca Nacional Pedro Henríquez Ureña Depósito 14.11.2022 Depósito Legal BNPHU DS 972.9304 M938d 2022 2022-5320 14.11.2022 14.11.2022 Libro e.3    
    Dewey Decimal Classification Préstamo en sala   Dominicana de Servicio Biblioteca Nacional Pedro Henríquez Ureña Biblioteca Nacional Pedro Henríquez Ureña Depósito 07.11.2023 Donado por Academia Dominicana de Historia BNPHU DS 972.9304 M938d 2022 2025-1133 21.02.2025 21.02.2025 Libro e.4    
    Dewey Decimal Classification Préstamo en sala   Dominicana de Servicio Biblioteca Nacional Pedro Henríquez Ureña Biblioteca Nacional Pedro Henríquez Ureña Depósito 23.10.2023 Donación BNPHU DS 972.9304 M938d 2022 2025-1584 10.03.2025 10.03.2025 Libro e.5   Perteneció a la biblioteca personal de Jorge Tena Reyes.

Con tecnología Koha